| 000 | 00993nam1a22003371 4500 | ||
|---|---|---|---|
| 001 | RU\NLR\A1SV\23689 | ||
| 005 | 20260313104431.0 | ||
| 035 | _a(NLR Aleph) 009708522 | ||
| 090 |
_a9822172 _c9822172 |
||
| 100 | _a20260426 rusy50 | ||
| 101 | 0 | _arus | |
| 102 | _aRU | ||
| 200 | 1 |
_aАтеистические памфлеты XVIII столетия _fПод ред. Деборина |
|
| 210 |
_aМ. _cМатериалист _d1924-1925 |
||
| 215 | _d18 см | ||
| 620 | _dМосква | ||
| 702 | 1 |
_6z01790 _aДеборин _bА. _f1881-1963 _4070 |
|
| 790 | 1 |
_6z01702 _aИоффе _bА.М. _gАбрам Моисеевич |
|
| 801 | 0 |
_aRU _bNLR _c20000619 |
|
| 852 |
_aNLR _j37.77.6.167-1-4 |
||
| 852 |
_aNLR _j25/423-3-6 |
||
| 899 | _aГОПБ | ||
| 899 |
_aБАН _z(1-5) |
||
| 899 |
_aНБ БГУЭП _z(Вып.3) |
||
| 899 |
_aМГУ _z(Вып.6) |
||
| 899 | _aРГБ | ||
| 899 |
_aНБ РС _z(Я)(Вып.5) |
||
| 942 | _cBOOK | ||
| 980 | _aA1SV | ||
| 980 | _aNB | ||